| 000 | 00589cam a2200157 4500500 | ||
|---|---|---|---|
| 005 | 20260201095239.0 | ||
| 041 | _afre | ||
| 042 | _adc | ||
| 100 | 1 | 0 |
_aGibert, Pierre _eauthor |
| 245 | 0 | 0 | _aL'injustice, le prophète et le droit |
| 260 | _c2005. | ||
| 500 | _a83 | ||
| 520 | _aResumé Face aux violences faites à l’homme, la réponse n’est pas seulement dans la loi et la règle, toujours à faire vivre. | ||
| 786 | 0 | _nRevue Projet | 289 | 6 | 2005-06-01 | p. 76-81 | 0033-0884 | |
| 856 | 4 | 1 | _uhttps://shs.cairn.info/revue-projet-2005-6-page-76?lang=fr&redirect-ssocas=7080 |
| 999 |
_c1640830 _d1640830 |
||